| 000 | 00631nam a2200193Ia 4500 | ||
|---|---|---|---|
| 005 | 20260629163254.0 | ||
| 008 | 260629s9999||||xx |||||||||||||| ||und|| | ||
| 020 |
_a9789381836781 _qpbk |
||
| 082 |
_a294.5923 _bBAS |
||
| 100 | _aBasu, Abhijit | ||
| 245 | 0 | _aMarvels and Mysteries of the Mahabharata: probing the folds of India's epochal tragedy | |
| 260 |
_aMumbai _bPlatinum Press an imprint of Leadstart Publishing _c2013 |
||
| 300 | _a225p. ; 22cm. | ||
| 653 | _aEpic literature, Sanskrit | ||
| 653 | _aHindu mythology | ||
| 653 | _aHindu philosophy | ||
| 653 | _aMahabharata—Criticism and interpretation | ||
| 942 | _cBK | ||
| 999 |
_c57282 _d57282 |
||